Amtrak Routes - Statistics

General Stats
  • This quiz has been taken 46 times
    44 since last reset
  • The average score is 26 of 46
Answer Stats
Hint Answer % Correct
Corridor Acela
96%
State-supported (NEC) Northeast Regional
84%
Long Distance Empire Builder
80%
State-supported (NEC) Vermonter
76%
Long Distance California Zephyr
72%
State-supported Pacific Surfliner
72%
State-supported Amtrak Cascades
68%
Long Distance Cardinal
68%
Long Distance Texas Eagle
68%
State-supported Capitol Corridor
64%
Long Distance City of New Orleans
64%
Long Distance Coast Starlight
64%
State-supported Hiawatha Service
64%
Long Distance Lake Shore Limited
64%
State-supported Maple Leaf
64%
Long Distance Palmetto
64%
Long Distance Sunset Limited
64%
State-supported (NEC) Carolinian
60%
Long Distance Crescent
60%
State-supported Empire Service
60%
Long Distance Silver Meteor
60%
Long Distance Auto Train
56%
Long Distance Capitol Limited
56%
State-supported Adirondack
56%
State-supported Downeaster
56%
State-supported Ethan Allen Express
56%
State-supported Pennsylvanian
56%
Long Distance Silver Star
56%
Long Distance Southwest Chief
56%
State-supported Wolverine
56%
State-supported Keystone Service
52%
State-supported Piedmont
52%
State-supported San Joaquins
52%
State-supported Borealis
48%
State-supported Heartland Flyer
48%
State-supported Pere Marquette
48%
State-supported Valley Flyer
48%
State-supported Carl Sandburg
44%
State-supported Illinois Zephyr
44%
State-supported Missouri River Runner
44%
State-supported Hartford Line
40%
State-supported Illini and Saluki
40%
State-supported Lincoln Service
40%
Seasonal Berkshire Flyer
36%
State-supported Blue Water
32%
Seasonal Winter Park Express
24%
No matching quizzes found
Score Distribution
Percent of People with Each Score
Percentile by Number Answered
Your Score History
You have not taken this quiz since the last reset